عرض عادي
عرض مارك
- Modernism (Literature)
مدخل مصطلح موضوعي
001 - رقم الضبط
- حقل الضبط: 7625
003 - معرف رقم الضبط
- حقل الضبط: OSt
005 - تاريخ ووقت أخر عملية
- حقل الضبط: 20111210102125.0
008 - عناصر بيانات ثابتة الطول
- حقل تحكم ثابت الطول: 111210|||a|||||| | ||| d
040 ## - مصدر الفهرسة
- هيئة الفهرسة الأصلية: OSt
- وكالة الكتابة: OSt
150 ## - مدخل-- مصطلح تاريخي
- عنصر مدخل المصطلح الموضوعي او الاسم الجغرافي: Modernism (Literature)
- تفريع جغرافي: United States.
670 ## - بيانات المصدر موجوده
- الاستشهاد بالمصدر: Work cat.: (OSt)0: Allred, Jeff, 1972- 7619, American modernism and depression documentary /, 2010.
